LEADER 01071nam a2200241 u 4500 001 000000110570 003 CaOOAMICUS 005 20080311162310.0 008 080311s1909 it d u000 u ita u 040 $aPUL$bita$dBc 041 0 $aita 100 1 $aFerrio, Luigi.$0(OLS)http://pul/name/67777 245 10$aTerminologia clinica, con speciale riguardo alla derivazione dei vocaboli ed ai nomi d'autore /$ce con prefazione del professore C. Bozzolo. 250 $a2. ristampa, con appendice contenente 1065 nuove voci. 260 $aTorino :$bUTET,$c1909. 300 $a399 p. ;$c21 cm. 650 4$aMedicina$xDizionari.$0(OLS)http://pul/subject/21841 700 1 $aBozzolo, Camillo.$0(OLS)http://pul/name/67778 850 $aPUL 852 $aPUL$W1$xDP1 Cons. Gen., Altre Classi 1$y22$m777 F 26$j126658$qStampati$B125383$CPULBib$Z2$F125383 $82 941 1 $a8 996 $6245$aTerminologia clinica, con speciale riguardo alla derivazione dei vocaboli ed ai nomi d'autore$9(OLS)http://pul/title/139037 996 $6260$aTorino :$bUTET$9(OLS)http://pul/publisher/48088 LEADER 00923naa a2200217 u 4500 001 000000099535 003 CaOOAMICUS 005 20070226130159.0 008 051004s1996 it u000 u ita u 035 $a11061532 040 $aIAR$bita 100 1 $aAubert, Roger,$d1914-$0(OLS)http://pul/name/3028 245 13$aIl cardinal Aubert :$bUn prelato d'avanguardia /$cRoger Aubert. 260 $aBologna :$bEd. Dehoniane,$c1996. 300 $aS. 517-540 ;$c22 cm 600 14$aMercier, Désiré Félicien François Joseph,$ccard.,$d1851-1926.$0(OLS)http://pul/subject/16921 730 0 $aCristianesimo nella storia$g[Spogli].$0(OLS)http://pul/title/7312 773 0 $aCristianesimo nella storia ;.$tvol. XVII (1996) 773 0 $tCristianesimo nella storia$w()5012 996 $6245$aIl cardinal Aubert :$bUn prelato d'avanguardia$9(OLS)http://pul/title/126413 996 $6260$aBologna :$bEd. Dehoniane$9(OLS)http://pul/publisher/48282